NBA Abbreviations - Statistics

General Stats
  • This quiz has been taken 83 times
  • The average score is 15 of 20
Answer Stats
Abbreviation Answer % Correct
AST Assist
100%
BLK Block
100%
PTS Points
100%
REB Rebound
100%
STL Steal
99%
FT Free Throw
92%
MIN Minutes (per game)
90%
PG Point Guard
88%
C Center
86%
FG Field Goal
85%
SG Shooting Guard
82%
TO Turnover
81%
LAL Los Angeles Lakers
79%
PF Power Forward
79%
GP Games Played
74%
SF Small Forward
74%
3PM Three-Pointers Made
47%
DQ Disqualification
26%
DD2 Double Double
23%
TD3 Triple Double
23%
No matching quizzes found
Score Distribution
Percent of People with Each Score
Percentile by Number Answered
Your Score History
You have not taken this quiz